000 00615nam a2200217Ii 4500
003 JO-AjNU
008 230606s9999||||xx |||||||||||||| ||und||
020 _a978-0-262-53819-0
040 _aJO-AjNU
_beng
_erda
_cJO-AjNU
041 _aeng
050 1 4 _aQ334.7.C64 2020
100 3 _aCoeckelbergh, Mark ,
_eauthor
_96414
245 0 0 _aAl Ethics
250 _a1 ed
264 3 1 _aLondon:The Mit Press, 2020
300 _a229p
336 _atext
_btxt
_2rdacontent
337 _aunmediated
_bn
_2rdamedia
338 _avolume
_bnc
_2rdacarrier
650 4 _aArtifical intelligence-Mornal and ethical aspects
_96415
999 _aE3326
_c3322
_d3322